000 03026nam a2200229Ia 4500
003 Ost
005 20260507075007.0
008 260507s9999||||xx |||||||||||||| ||und||
020 _a9773282228
040 _cfsecg
041 _aara
082 _a347
100 _aعبد الغنى محمد عطا الله، شيماء
_eمؤلف
245 0 _aالحماية الجنائية للتعاملات الالكترونية /
_c شيماء عبد الغنى محمد عطا الله
260 _aالاسكندرية:
_bدار الجامعة الجديدة,
_c2007
300 _a490 صفحة؛
_c24 سم
520 _aفي هذا الكتاب القسم الاول : الحماية الجنائية الموضوعية للتعملات الالكترونية الباب الأول : الحماية الجنائية للتعاملات الالكترونية وفقا للقواعد العامة في قانون العقوبات الفصل الاول الحماية الجنائية للتعاملات الالكترونية وفقا للقواعد العامة في جرائم الاموال الفصل الثاني الحماية الجنائية للتعاملات الالكترونية وفقا للقواعد المقررة في تزوير المحرارات الباب الثاني : الحماية الجنائية للنظام كوسيلة للتعاملات الالكترونية الفصل الأول الحماية الجنائية للنظام كوسيلة للتعاملات الالكترونية الفصل الثاني الحماية الجنائية للمصارف بنصوص خاصة عند اجراء التعاملات الالكترونية الفصل الثالث : تنظيم المسؤولية الجنائية لمقدمي خدمات الانترنيت بنصوص خاصة القسم الثاني الحماية الجنائية الاجرائية للتعاملات الالكترونية الباب الاول : الحماية الجنائية للتعاملات الالكترونية من خلال الاجراءات الجنائية السابقة على المحكمة الفصل الاول : الطبيعة الخاصة لجمع الاستدلالات في مجال التعاملات الالكترونية الفصل الثاني : الطبيعة الخاصةلاجراء التحقيق في مجال التعاملات الالكترونية الباب الثاني: الحماية الجنائية المختصة في مجال التعاملات الالكترونية في مرحلة المحاكمة الفصل الاول تحديد المحكمة الجنائية المختصة في مجال التعاملات الالكترونية الفصل الثاني سلطة المحكمة الجنائية في تقدير الدليل في مجال التعاملات الالكترونية
653 _aالحماية جنائية
653 _aقانون الإجراءات الجنائية
653 _aقانون العقوبات
942 _cكتاب
999 _c42127
_d42127